| 000 | 01335nam a2200229Ia 4500 | ||
|---|---|---|---|
| 999 |
_c39148 _d39148 |
||
| 001 | 5731 | ||
| 003 | GE_BSU | ||
| 005 | 20190621174420.0 | ||
| 008 | 181216s1981|||| |||||||||||||| ||geo|| | ||
| 041 | _ageo | ||
| 080 | _a621.3.027.3(076.5) ჟ-67 | ||
| 100 |
_aჟვანია, თ. _92751 |
||
| 245 |
_aმაღალი ძაბვის ტექნიკა, გადამეტძაბვა და მისგან დაცვა: ელექტრომაგნიტური რხევები და ტალღები სქემებში,ხაზებსა და ტრანსფორმატორებში : _bდამხმ. სახელმძღ : / _cთ. ჟვანია ; ნ. დიდია ; გ. ბაბუნაშვილი ; რედ : მ.ძიძიგური. |
||
| 264 |
_aთბილისი : _bსპი, _c1981. |
||
| 300 |
_a75 გვ .: _c20 სმ. |
||
| 653 | _aმაღალი ძაბვის ტექნიკა, გადამეტძაბვა და მისგან დაცვა | ||
| 653 | _aტექნიკა | ||
| 700 |
_aდიდია,ნ _92752 |
||
| 700 |
_aბაბუნაშვილი, გ _92753 |
||
| 700 |
_aძიძიგური, მ _eრედაქტორი _9472 |
||
| 942 |
_cBK _2udc |
||